000 00319 a2200157 4500
001 73735
020 _a
040 _cAnchieta - Colégio São Paulo
100 _aRisério, Antonio
240 1 0 _aFetiche
_lpor
245 1 0 _aFetiche
300 _a103
362 0 _a1996
650 4 _aPoesia brasileira
942 _cBK
999 _c73735
_d73735